000 00775nam a2200253 a 4500
001 677
003 BR-CuiBMT
005 20231127144444.0
008 231110b2012 spb 000 0 por d
020 _a9788502143326
040 _aBR-CuiBMT
_cBR-CuiBMT
080 _22007
_a347
_x(81)
090 _a347(81)
_bD585c
_c28. ed.
100 1 _aDiniz, Maria Helena,
_d1956-
245 1 0 _aCurso de direito civil brasileiro /
_cMaria Helena Diniz.
250 _a27. ed.
260 _aSão Paulo :
_bSaraiva,
_c2012.
300 _a913 p. :
_bil. color. ;
_c22 cm
504 _aInclui bibliografia.
505 1 _av. 3. Teoria das obrigações contratuais e extracontratuais
590 _aA Biblioteca possui somente o volume 3.
650 _aDireito civil
_zBrasil
942 _2udc
_cLV
999 _c677
_d677